Guess the Hit Title from the Lyrics #6 - Statistics

General Stats
  • This quiz has been taken 343 times
  • The average score is 4 of 14
Answer Stats
Lyrics Answer % Correct
Can I have your daughter for the rest of my life? / Say yes, say yes, 'cause I need to know / You say I'll never get your blessin' 'til the day I die / "Tough luck, my friend, but the answer is no" / Why you gotta be so ___? Rude: By MAGIC!
83%
We don't need your money, money money / We just wanna make the world dance / Forget about the ____ ___ / Ain't about the, uh, cha-ching cha-ching / Ain't about the, yeah, b-bling b-bling Price Tag: By Jessie J
81%
Give you all his hours / When he has the chance / Take you to every party / 'Cause I remember how much you loved to dance / Do all the things I should have done / ___ _ __ __ __ When I Was Your Man: By Bruno Mars
56%
You just want ______, you don't want my heart / Maybe you just hate the thought of me with someone new / Yeah, you just want ______, I knew from the start Attention: By Charlie Puth
42%
You're over my head / I'm out of my mind / Thinking I was born in the wrong time / One of a kind, living in a world gone plastic / Baby you're so ______ Classic: By MKTO
42%
I get a little bit ______ (I get a little bit ______) / Around you / Get a little bit stressed out (I get a little bit stressed out) / When I think about you Nervous: By Shawn Mendes
22%
Bang bang, shot dead / Everybody's gone mad / All I want to say is that / ___ ___ ___ ___ ___ __ / All I want to say is that / ___ ___ ___ ___ ___ __ They Don't Care About Us: By Michael Jackson
22%
When will you realize / Baby I'm not like the rest / Don't wanna break your heart / Wanna ___ ___ ___ _ ____ / I know you're scared it's wrong / Like you might make a mistake Give Your Heart A Break: Demi Lovato
21%
I'll ___ __ / And I'll do it a thousand times again / And I'll ___ __ / High like the waves / I'll ___ __ / In spite of the ache Rise Up: By Andra Day
21%
I'm __ __ __ __ _ ____ / Going back to the corner where I first saw you / Gonna camp in my sleeping bag I'm not gonna move The Man Who Can't Be Moved: By The Script
16%
Trouble found me, trouble found me / I'm going back to my ____ / Another day, another door / Another high, another low Roots: By Imagine Dragons
8%
The nightmare I wake in / There's nothin', no nothin', nothin' but you / My perfect rock bottom / My ______ ____ / My love, my love, my drug, oh Beautiful Trauma: By P!nk
7%
So let's do the things we always do / Or maybe we try something brand new / I don't wanna cry, I'm bad at goodbye / __ ___ __ __ ___ ___ If This is the Last Time: By LANY
4%
So you can knock me down / But I won't stay on the ground / Can't stop believin' I'm __ _____ / Heart's breaking 'til I know I made it The Greatest: By Six60
4%
No matching quizzes found
Score Distribution
Percent of People with Each Score
Percentile by Number Answered
Your Score History
You have not taken this quiz